00000000nam##2200000za#4500
0019.641855
003CaOODSP
00520210624223422
007cr |||||||||||
008150407|1999||||xxc|||||o    f|0| 0 fre|d
040 |aCaOODSP|bfre
043 |an-cn---
0861 |aRH64-48/1999F-PDF
1101 |aCanada.|bDéveloppement des ressources humaines Canada. |bPolitique stratégique.
24510|aRapports d'évaluation - évaluation formative des Initiatives liées à l'acquisition du savoir / |h[ressource électronique]|c[par] Évaluation et développement des données.
260 |aOttawa - Ontario : |bDéveloppement des ressources humaines Canada. |cMars 1999.
300 |a98p.|borganigramme, tableaux
504 |aBibliographie.
590 |a13-12-Supp|b2013-05-10
69107|aApprentissage|2gcpds
69107|aProgramme fédéral|2gcpds
77508|tEvaluation reports - formative evaluation of Learning Initiatives / |w(CaOODSP)9.697849
85640|ahttp://publications.gc.ca|qPDF|s404 Ko|uhttps://publications.gc.ca/collections/collection_2013/rhdcc-hrsdc/RH64-48-1999-fra.pdf
986 |aSP-AH096-03-99F